MARC details
| 000 -LEADER |
| fixed length control field |
01639nam a2200517 a 4500 |
| 001 - CONTROL NUMBER |
| control field |
20038 |
| 003 - CONTROL NUMBER IDENTIFIER |
| control field |
VRT |
| 005 - DATE AND TIME OF LATEST TRANSACTION |
| control field |
20260205090616.0 |
| 008 - FIXED-LENGTH DATA ELEMENTS--GENERAL INFORMATION |
| fixed length control field |
180731s2009 xr o g h 000 0bcze |
| 020 ## - INTERNATIONAL STANDARD BOOK NUMBER |
| International Standard Book Number |
9788073351946 |
| Qualifying information |
(viaz.) |
| 039 #9 - LEVEL OF BIBLIOGRAPHIC CONTROL AND CODING DETAIL [OBSOLETE] |
| Level of rules in bibliographic description |
202012090956 |
| Level of effort used to assign nonsubject heading access points |
AUTHORITY |
| Level of effort used to assign subject headings |
201807311039 |
| Level of effort used to assign classification |
VLOAD |
| Level of effort used to assign subject headings |
201104271005 |
| Level of effort used to assign classification |
msavuk22 |
| Level of effort used to assign subject headings |
201011091017 |
| Level of effort used to assign classification |
msnk16 |
| 040 ## - CATALOGING SOURCE |
| Original cataloging agency |
SNK |
| Language of cataloging |
slo |
| Transcribing agency |
SNK |
| Description conventions |
AACR2 |
| 041 0# - LANGUAGE CODE |
| Language code of text/sound track or separate title |
cze |
| 043 ## - GEOGRAPHIC AREA CODE |
| Geographic area code |
e-xr--- |
| 044 ## - COUNTRY OF PUBLISHING/PRODUCING ENTITY CODE |
| MARC country code |
xr |
| ISO country code |
CZ |
| 072 #7 - SUBJECT CATEGORY CODE |
| Subject category code |
78.07 |
| Subject category code subdivision |
Hudobníci, skladatelia a iné hudobné povolania |
| Source |
konspekt |
| 072 #7 - SUBJECT CATEGORY CODE |
| Subject category code |
929 |
| Subject category code subdivision |
Biografie |
| Source |
konspekt |
| 080 ## - UNIVERSAL DECIMAL CLASSIFICATION NUMBER |
| Universal Decimal Classification number |
929 |
| Edition identifier |
2001 |
| 080 ## - UNIVERSAL DECIMAL CLASSIFICATION NUMBER |
| Universal Decimal Classification number |
78.071.1/.2 |
| Edition identifier |
2001 |
| 080 ## - UNIVERSAL DECIMAL CLASSIFICATION NUMBER |
| Universal Decimal Classification number |
821.162.3-1 |
| Edition identifier |
2001 |
| 080 ## - UNIVERSAL DECIMAL CLASSIFICATION NUMBER |
| Universal Decimal Classification number |
(437.3) |
| Edition identifier |
2001 |
| 080 ## - UNIVERSAL DECIMAL CLASSIFICATION NUMBER |
| Universal Decimal Classification number |
(047.53) |
| Edition identifier |
2001 |
| 080 ## - UNIVERSAL DECIMAL CLASSIFICATION NUMBER |
| Universal Decimal Classification number |
(092) |
| Edition identifier |
2001 |
| 080 ## - UNIVERSAL DECIMAL CLASSIFICATION NUMBER |
| Universal Decimal Classification number |
(0:82-192) |
| Edition identifier |
2001 |
| 100 1# - MAIN ENTRY--PERSONAL NAME |
| Personal name |
Kryl, Karel, |
| Dates associated with a name |
1944-1994 |
| Relationship |
ive |
| 245 10 - TITLE STATEMENT |
| Title |
Půlkacíř |
| Remainder of title |
Karel Kryl v rozhovoru s Milošem Čermákem |
| 246 3# - VARYING FORM OF TITLE |
| Title proper/short title |
Půlkacíř Karel Kryl |
| 250 ## - EDITION STATEMENT |
| Edition statement |
3. pozměněné vyd. |
| 260 ## - PUBLICATION, DISTRIBUTION, ETC. |
| Place of publication, distribution, etc. |
Voznice |
| Name of publisher, distributor, etc. |
Leda |
| Place of publication, distribution, etc. |
Praha |
| Name of publisher, distributor, etc. |
Rozmluvy |
| Date of publication, distribution, etc. |
2009 |
| 300 ## - PHYSICAL DESCRIPTION |
| Extent |
269 s. |
| Other physical details |
fotogr. |
| Dimensions |
21 cm |
| 600 17 - SUBJECT ADDED ENTRY--PERSONAL NAME |
| Personal name |
Kryl, Karel, |
| Dates associated with a name |
1944-1994 |
| Source of heading or term |
SNKMA |
| 648 #7 - SUBJECT ADDED ENTRY--CHRONOLOGICAL TERM |
| Chronological term |
20. stor. |
| Source of heading or term |
SNKPH |
| 648 #7 - SUBJECT ADDED ENTRY--CHRONOLOGICAL TERM |
| Chronological term |
20th century |
| Source of heading or term |
SNKPHeng |
| 650 07 - SUBJECT ADDED ENTRY--TOPICAL TERM |
| Topical term or geographic name entry element |
pesničkári |
| Source of heading or term |
SNKPH |
| 650 07 - SUBJECT ADDED ENTRY--TOPICAL TERM |
| Topical term or geographic name entry element |
Songsters |
| Source of heading or term |
SNKPHeng |
| 651 #7 - SUBJECT ADDED ENTRY--GEOGRAPHIC NAME |
| Geographic name |
Česko |
| Source of heading or term |
SNKPH |
| 651 #7 - SUBJECT ADDED ENTRY--GEOGRAPHIC NAME |
| Geographic name |
Czechia |
| Source of heading or term |
SNKPHeng |
| 655 #7 - INDEX TERM--GENRE/FORM |
| Genre/form data or focus term |
rozhovory |
| Source of term |
SNKPH |
| 655 #7 - INDEX TERM--GENRE/FORM |
| Genre/form data or focus term |
autobiografie |
| Source of term |
SNKPH |
| 655 #7 - INDEX TERM--GENRE/FORM |
| Genre/form data or focus term |
Interviews |
| Source of term |
SNKPHeng |
| 655 #7 - INDEX TERM--GENRE/FORM |
| Genre/form data or focus term |
Autobiography |
| Source of term |
SNKPHeng |
| 700 1# - ADDED ENTRY--PERSONAL NAME |
| Personal name |
Čermák, Miloš, |
| Dates associated with a name |
1968- |
| Relationship |
ivr |
| 910 ## - USER-OPTION DATA (OCLC) |
| User-option data |
snk |
| 942 ## - ADDED ENTRY ELEMENTS (KOHA) |
| Source of classification or shelving scheme |
Dewey Decimal Classification |
| Koha item type |
Krásna literatúra pre dospelých |
| Suppress in OPAC |
No |
| 949 ## - LOCAL PROCESSING INFORMATION (OCLC) |
| 6 |
17A0644175 |
| 9 |
snkKRY 78:929 |
| a |
snkIC 138727 |
| b |
snk2010/11807 |
| o |
f.č.:06 010 Martinus |